|
|
|
|
| LEADER |
02088nam a2200541 i 4500 |
| 001 |
001498958 |
| 003 |
CZ BrMZK |
| 005 |
20170110132642.0 |
| 007 |
ta |
| 008 |
151127s2005 it a g p 000 f eng |
| 020 |
|
|
|z 978-88-530-0170-2
|q (brožováno)
|
| 040 |
|
|
|a BOA001
|b cze
|e rda
|
| 044 |
|
|
|a it
|a xxk
|
| 072 |
|
7 |
|a 811.111
|x Angličtina
|2 Konspekt
|9 11
|
| 072 |
|
7 |
|a 821.111-3
|x Anglická próza, anglicky psaná
|2 Konspekt
|9 25
|
| 080 |
|
|
|a 821.111-31
|2 MRF
|
| 080 |
|
|
|a 811.111
|2 MRF
|
| 080 |
|
|
|a 028.4-028.31/.32
|2 MRF
|
| 080 |
|
|
|a (0:82-31)
|2 MRF
|
| 080 |
|
|
|a (0.046.6)
|2 MRF
|
| 080 |
|
|
|a (07.063)81
|2 MRF
|
| 100 |
1 |
|
|a Malvern, Blanche
|7 mzk2015895250
|4 aut
|
| 245 |
1 |
0 |
|a Sons and lovers :
|c D.H. Lawrence ; retold by Blanche Malvern ; activities by Kennteh Brodey
|
| 250 |
|
|
|a First edition
|
| 264 |
|
1 |
|a Genoa ;
|a Canterbury :
|b Black Cat,
|c 2005
|
| 300 |
|
|
|a 144 stran :
|b barevné ilustrace ;
|c 21 cm +
|e 1 CD
|
| 336 |
|
|
|a text
|b txt
|2 rdacontent
|
| 336 |
|
|
|a mluvené slovo
|b spw
|2 rdacontent
|
| 337 |
|
|
|a bez média
|b n
|2 rdamedia
|
| 337 |
|
|
|a audio
|b s
|2 rdamedia
|
| 338 |
|
|
|a svazek
|b nc
|2 rdacarrier
|
| 338 |
|
|
|a audiodisk
|b sd
|2 rdacarrier
|
| 490 |
1 |
|
|a Reading & training
|
| 500 |
|
|
|a Na obálce označení: step five B2.2
|
| 650 |
0 |
7 |
|a angličtina
|7 ph114056
|2 czenas
|
| 650 |
0 |
7 |
|a zjednodušená četba
|7 ph656682
|2 czenas
|
| 653 |
0 |
|
|a jazyková úroveň B2
|
| 655 |
|
7 |
|a anglické romány
|7 fd131814
|2 czenas
|
| 655 |
|
7 |
|a literární adaptace
|7 fd119387
|2 czenas
|
| 655 |
|
7 |
|a jazykové učebnice, texty, příručky (B)
|7 fd600891
|2 czenas
|
| 700 |
1 |
2 |
|a Lawrence, D. H.
|q (David Herbert),
|d 1885-1930.
|t Sons and lovers
|
| 700 |
1 |
|
|a Brodey, Kenneth
|7 xx0033859
|4 aut
|
| 830 |
|
0 |
|a Reading & training
|
| 910 |
|
|
|a BOA001
|b 2-1357.492
|b CDR-1357.492
|
| 990 |
|
|
|a BK
|
| 991 |
|
|
|b 201601
|c NOV
|x 99
|
| 996 |
7 |
|
|b 2610652073
|c 2-1357.492
|d Kniha
|l Anglická knihovna/2.patro
|r ZHR
|n 10
|p kupz
|h AB
|w 001534427
|u 000010
|a 0
|e BOA001
|j MZK50
|s A
|
| 996 |
7 |
|
|b 2610652074
|c CDR-1357.492
|d CD
|l Anglická knihovna/2.patro
|r ZHR
|n 6
|p kupz
|h AB 87
|w 001534427
|u 000020
|a 0
|e BOA001
|j MZK50
|s A
|